Introducción al sindicalismo / Alberto José Carro Igelmo
Descripción Física:
230 p. ; 21 cm
MARC
| LEADER | 00000nam a2200000Ia 4500 | ||
|---|---|---|---|
| 001 | 13971 | ||
| 008 | 160829s1971 xx 000 0 cat d | ||
| 080 | |a M-4-81 | ||
| 100 | |a Carro Igelmo, Alberto José |9 24259 | ||
| 245 | |a Introducción al sindicalismo / Alberto José Carro Igelmo | ||
| 260 | |a Barcelona : |b [s.n.], |c 1971 | ||
| 300 | |a 230 p. ; |c 21 cm | ||
| 650 | |a Sindicalisme |9 24260 | ||
| 650 | 0 | |a Dret del treball |9 24261 | |
| 901 | |a Arxiu | ||
| 942 | |n 1 | ||
| 952 | |0 0 |1 0 |4 0 |6 M481 |7 1 |9 43043 |a Arxiu |b Arxiu |d 2016-12-01 |l 0 |o M-4-81 |p 13971 |r 2016-12-01 00:00:00 |w 2016-12-01 |y ARXIU | ||
| 999 | |c 45587 |d 45587 | ||